| 000 | 00409nam a2200169Ia 4500 | ||
|---|---|---|---|
| 008 | 210210b1947 xxu||||| |||| 00| 0 eng d | ||
| 041 | _aeng | ||
| 082 | _a829/398 | ||
| 100 | _aFORSTER (E M) | ||
| 245 | _aCollected short stories | ||
| 260 |
_aLondon _bSidgwick and Jackson Limited _c1947 |
||
| 650 | _astories | ||
| 650 | _ashort | ||
| 650 | _aCollected | ||
| 690 | _aEnglish Fiction | ||
| 906 | _a017002 | ||
| 999 |
_c136961 _d136961 |
||